<?xml version="1.0" encoding="UTF-8"?>
<record
    xmlns:xsi="http://www.w3.org/2001/XMLSchema-instance"
    xsi:schemaLocation="http://www.loc.gov/MARC21/slim http://www.loc.gov/standards/marcxml/schema/MARC21slim.xsd"
    xmlns="http://www.loc.gov/MARC21/slim">

  <leader>02958nam a2200337 i 4500</leader>
  <controlfield tag="003">DO-SdBPM</controlfield>
  <controlfield tag="005">20260211131710.0</controlfield>
  <controlfield tag="006">a||||gr|||| 00| 0 </controlfield>
  <controlfield tag="007">ta</controlfield>
  <controlfield tag="008">230621t2002    dr ad|  00| 0 spa d</controlfield>
  <datafield tag="020" ind1=" " ind2=" ">
    <subfield code="a">9993425273</subfield>
  </datafield>
  <datafield tag="040" ind1=" " ind2=" ">
    <subfield code="a">DO-SdBPM</subfield>
    <subfield code="b">spa</subfield>
    <subfield code="c">BPMSU</subfield>
    <subfield code="e">rda</subfield>
    <subfield code="d"> </subfield>
  </datafield>
  <datafield tag="082" ind1=" " ind2="4">
    <subfield code="a">361.25</subfield>
    <subfield code="b">D441g 2002</subfield>
    <subfield code="2">22</subfield>
  </datafield>
  <datafield tag="245" ind1="0" ind2="0">
    <subfield code="a">Desaf&#xED;os de la gerencia social en el siglo XXI:</subfield>
    <subfield code="b">la construcci&#xF3;n de sociedades equitativas. /</subfield>
    <subfield code="c">Elsy Bonilla-Castro, Isabel Licha y Jos&#xE9; R. Molinas, editores</subfield>
  </datafield>
  <datafield tag="264" ind1=" " ind2="4">
    <subfield code="a">[Santo Domingo] :</subfield>
    <subfield code="b">INDES,</subfield>
    <subfield code="b">BID,</subfield>
    <subfield code="b">INTEC,</subfield>
    <subfield code="c">&#xA9;2002</subfield>
  </datafield>
  <datafield tag="300" ind1=" " ind2=" ">
    <subfield code="a">223 p&#xE1;gina :</subfield>
    <subfield code="b">Ilustraciones, gr&#xE1;ficas ;</subfield>
    <subfield code="c">23 cm.</subfield>
  </datafield>
  <datafield tag="336" ind1=" " ind2=" ">
    <subfield code="2">rdaconten</subfield>
    <subfield code="a">texto</subfield>
    <subfield code="b">txt</subfield>
  </datafield>
  <datafield tag="337" ind1=" " ind2=" ">
    <subfield code="2">rdamedia</subfield>
    <subfield code="a">sin medici&#xF3;n</subfield>
    <subfield code="b">n</subfield>
  </datafield>
  <datafield tag="338" ind1=" " ind2=" ">
    <subfield code="2">rdacarrier</subfield>
    <subfield code="a">volumen</subfield>
    <subfield code="b">nc</subfield>
  </datafield>
  <datafield tag="490" ind1="0" ind2=" ">
    <subfield code="a">Temas Especializados de Gerencia Social ;</subfield>
    <subfield code="v">5</subfield>
  </datafield>
  <datafield tag="500" ind1=" " ind2=" ">
    <subfield code="a">Incluye datos biogr&#xE1;ficos en la solapa de la cubierta.</subfield>
  </datafield>
  <datafield tag="505" ind1="0" ind2=" ">
    <subfield code="a">A manera de presentaci&#xF3;n|GRANDES TEMAS DE LA GERENCIA SOCIAL 12|Situaci&#xF3;n y problem&#xE1;tica del gasto social en Am&#xE9;rica Latina - Nohra Rey de Marulanda 14|Los accidentados caminos de la profesionalizaci&#xF3;n de la gerencia social en Am&#xE9;rica Latina - Francisco Gaetani 25|Mitos y lecciones para enfrentar la pobreza en Am&#xE9;rica Latina y el Caribe - Alejandro Medina Giopp 47|DESAFIOS DE LA GERENCIA SOCIAL 66|Desaf&#xED;os de la pol&#xED;tica y la Gerencia Social del siglo XXI - Clarisa Hardy 68|Las nuevas desigualdades sociales en Am&#xE9;rica Latina - Isabel Licha 82|Innovaciones en la pol&#xED;tica social: el papel del capital social - Jos&#xE9; R. Molinas 99|La gesti&#xF3;n de programas y proyectos sociales en Am&#xE9;rica Latina en la b&#xFA;squeda de un nuevo paradigma - Alejandro Medina Giopp 118|FORMACION DE GERENTES SOCIALES: BALANCE Y REFLEXIONES DE LA EXPERIENCIA DEL INDES-BID-INTEC EN LA REPUBLICA DOMINICANA 162|El desaf&#xED;o del programa INDES en Rep&#xFA;blica Dominicana: formar gerentes para el desarrollo social integral - Elssy Bonilla-Castro 164|El BID y la Gerencia Social en la Rep&#xFA;blica Dominicana - Stephen McGaughey 176|Desaf&#xED;os y proyecci&#xF3;n de la Gerencia Social en la Rep&#xFA;blica Dominicana - Rafael Toribio 182|El entrenamiento en Gerencia Social en Rep&#xFA;blica Dominicana: reflexiones a partir de la experiencia del programa INDES-BID-INTEC - Tamara Valdez San Pedro 187|Las relaciones Estado-OSC y Sociedad Civil desde la perspectiva de la gerencia social - Ana Selman 194|El rol de la sociedad civil en el gobierno municipal - Vanessa Herrera Carbuccia 214|Desaf&#xED;os de la Gerencia Social en los municipios de Rep&#xFA;blica Dominicana - Fausto Ru&#xED;z 218|Gerencia Social, Pol&#xED;tica Social y Educaci&#xF3;n Superior - Diana Contreras 221</subfield>
  </datafield>
  <datafield tag="590" ind1=" " ind2=" ">
    <subfield code="a">Inventariado 2026/ VM</subfield>
  </datafield>
  <datafield tag="650" ind1=" " ind2="7">
    <subfield code="a">Administraci&#xF3;n de servicios comunitarios </subfield>
    <subfield code="2"> </subfield>
  </datafield>
  <datafield tag="650" ind1=" " ind2="7">
    <subfield code="a"> Pol&#xED;tica social </subfield>
  </datafield>
  <datafield tag="700" ind1="1" ind2=" ">
    <subfield code="a">Bonilla-Castro,, Elsy </subfield>
    <subfield code="e">editor</subfield>
  </datafield>
  <datafield tag="700" ind1="1" ind2=" ">
    <subfield code="a">Licha, Isabel </subfield>
    <subfield code="4">editor</subfield>
  </datafield>
  <datafield tag="700" ind1="1" ind2=" ">
    <subfield code="a"> R. Molinas, , os&#xE9;,</subfield>
    <subfield code="e">editor</subfield>
  </datafield>
  <datafield tag="910" ind1=" " ind2=" ">
    <subfield code="a">VMateo V. Control de calidad. BPMSU</subfield>
  </datafield>
  <datafield tag="942" ind1=" " ind2=" ">
    <subfield code="2">ddc</subfield>
    <subfield code="c">BK</subfield>
  </datafield>
  <datafield tag="952" ind1=" " ind2=" ">
    <subfield code="0">0</subfield>
    <subfield code="1">0</subfield>
    <subfield code="2">ddc</subfield>
    <subfield code="7">0</subfield>
    <subfield code="8">CD</subfield>
    <subfield code="a">BPMET</subfield>
    <subfield code="b">BPMET</subfield>
    <subfield code="d">2026-02-11</subfield>
    <subfield code="l">0</subfield>
    <subfield code="o">BPMSU CD 361.25 D441g 2002</subfield>
    <subfield code="p">BPMSU26020064</subfield>
    <subfield code="r">2026-02-11</subfield>
    <subfield code="w">2026-02-11</subfield>
    <subfield code="y">BK</subfield>
  </datafield>
  <datafield tag="952" ind1=" " ind2=" ">
    <subfield code="0">0</subfield>
    <subfield code="1">0</subfield>
    <subfield code="2">ddc</subfield>
    <subfield code="7">0</subfield>
    <subfield code="8">CD</subfield>
    <subfield code="a">BPMET</subfield>
    <subfield code="b">BPMET</subfield>
    <subfield code="d">2026-02-11</subfield>
    <subfield code="l">0</subfield>
    <subfield code="o">BPMSU CD 361.25 D441g 2002</subfield>
    <subfield code="p">BPMSU26020065</subfield>
    <subfield code="r">2026-02-11</subfield>
    <subfield code="t">e.2</subfield>
    <subfield code="w">2026-02-11</subfield>
    <subfield code="y">BK</subfield>
  </datafield>
  <datafield tag="952" ind1=" " ind2=" ">
    <subfield code="0">0</subfield>
    <subfield code="1">0</subfield>
    <subfield code="2">ddc</subfield>
    <subfield code="7">0</subfield>
    <subfield code="8">CD</subfield>
    <subfield code="a">BPMET</subfield>
    <subfield code="b">BPMET</subfield>
    <subfield code="d">2026-02-11</subfield>
    <subfield code="l">0</subfield>
    <subfield code="o">BPMSU CD 361.25 D441g 2002</subfield>
    <subfield code="p">BPMSU26020066</subfield>
    <subfield code="r">2026-02-11</subfield>
    <subfield code="t">e.3</subfield>
    <subfield code="w">2026-02-11</subfield>
    <subfield code="y">BK</subfield>
  </datafield>
  <datafield tag="999" ind1=" " ind2=" ">
    <subfield code="c">15682</subfield>
    <subfield code="d">15682</subfield>
  </datafield>
</record>
